|
|
|
|
| LEADER |
00000nab a2200000 a 4500 |
| 001 |
vtls011114184 |
| 003 |
SK-MaSNL |
| 005 |
20260303143712.0 |
| 008 |
230222|2005 xo |||||||||||||||||slo| |
| 015 |
|
|
|a SNBRB
|
| 035 |
|
|
|a (uuid)cae472d2-7b1a-4a02-8082-93e2540fdb6e
|
| 035 |
|
|
|a (urnnbn)urn:nbn:sk:snk:ar-a08id8
|
| 035 |
|
|
|a urn:nbn:sk:snk-ab9kos
|
| 040 |
|
|
|a SNKBUCL
|b slo
|c SNKBUCL
|e AACR2
|
| 041 |
0 |
|
|a slo
|
| 044 |
|
|
|a xo
|c SK
|
| 100 |
1 |
|
|a Němček, Miloš
|4 aut
|9 807253
|
| 245 |
1 |
0 |
|a NÁVRH VNITŘNÍHO SOUKOLÍ S "HCR" OZUBENÍM
|c Miloš Němček
|
| 246 |
3 |
|
|a DESIGN OF AN INTERNAL PAIR WITH A "HCR" GEARING
|
| 773 |
0 |
|
|t Acta Mechanica Slovaca
|g Roč. 9, č. 3-B (2005), s. 151-156
|
| 954 |
|
|
|a odborná, vedecká literatúra pôvodná (slovenská)
|2 lita
|
| 958 |
|
|
|a OND
|
| 958 |
|
|
|a EUIPO
|
| 958 |
|
|
|a article13
|
| 999 |
|
|
|c 1991825
|d 1993755
|